00651cam a22002051 4500001001300000003000400013005001700017008004100034010001700075025002300092035002000115040002300135050001900158100004100177245004200218260008600260300001900346650006300365999001700428sa 66001053 DLC20260227112219.0960920s1960 pk 000 0 pusr  asa 66001053  aPL480:P-Pushto-111 a(OCoLC)35598770 aDLCcCLUdCLUdDLC00aPK6820.H5bD291 aHilālī, Muḥammad Khān Mīr.10aDa Badar ghazā,cauthor Hilālī. aPishāwar Shahar,bldārah-yi lshāʻat-i Sarḥadc[introduction 1379 (1960)] a252 p.c21 cm. 0aBadr, Battle of, Badr Ḥunayn, Saudi Arabia, 624vPoetry. c67568d67568